000
00307nam a22001337a 4500
003
SGT
020
_a
9786207647552
082
_a
617.645
_b
N24K
100
_a
Kaur, Savreen
245
_a
Non Pharmacological behaviour Management
260
_b
Lambert Academic Pub.
_c
2024
300
_a
188
942
_2
ddc
_c
BK
999
_c
27059
_d
27059